Statistiques concernant Focus sur: Idril - Tolkien

Cliquez ici pour prendre le quiz!

Statistiques générales

  • Ce quiz a été pris 7 fois
  • Le résultat moyen est 7 sur 17

Statistiques - réponses

Informations recherchéesRéponses% Correct
Couleur des cheveuxBlond doré
100%
EspèceElfe
100%
Ages durant lequel elle vécutPremier (au moins)
86%
Première apparitionLe Silmarillion
71%
Profession et titrePrincesse de Gondolin
57%
Contrées et royaumesValinor
57%
Gondolin
43%
Royaume Caché
43%
Groupe de l'espèceNoldor
29%
Autre nomCelebrindal
14%
FilsEärendil
14%
Maison (lignée)Fingolfin
14%
EpouxTuor
14%
PèreTurgon
14%
MèreElenwë
0%
Nevrast
0%
CitésVinyamar
0%

Distribution des résultats

Percentile par nombre de réponses

% des personnes avec chaque résultat

Votre développement - résultats

Vous n’avez pas pris ce quiz